| 000 | 00449nam a22001697a 4500 | ||
|---|---|---|---|
| 005 | 20180808143713.0 | ||
| 008 | 160517b xxu||||| |||| 00| 0 eng d | ||
| 020 | _a0-07-048280-2 | ||
| 041 | _aeng | ||
| 082 |
_b2554 _a658.3 |
||
| 100 |
_aAswathappa, K. _94724 |
||
| 245 | _aHuman Resource and Personnel Management:text and cases | ||
| 260 |
_aNew Delhi _bTata McGraw Hill Ltd. _c2002 |
||
| 300 | _a603p, | ||
| 650 |
_aManagement _9241 |
||
| 942 | _cBK | ||
| 999 |
_c936 _d936 |
||